Women's Ballon d'Or Top 3 (2018 - 2025) - Statistics

General Stats
  • This quiz has been taken 22 times
  • The average score is 17 of 21
Answer Stats
Year Rank Nation Player % Correct
2023 1st Spain Aitana Bonmatí
100%
2024 1st Spain Aitana Bonmatí
100%
2025 1st Spain Aitana Bonmatí
100%
2021 1st Spain Alexia Putellas
100%
2022 1st Spain Alexia Putellas
100%
2019 1st USA Megan Rapinoe
93%
2021 3rd Australia Sam Kerr
93%
2022 3rd Australia Sam Kerr
93%
2023 2nd Australia Sam Kerr
93%
2019 3rd USA Alex Morgan
87%
2022 2nd England Beth Mead
80%
2024 2nd Norway Caroline Graham Hansen
80%
2019 2nd England Lucy Bronze
80%
2018 1st Norway Ada Hegerberg
73%
2025 3rd England Alessia Russo
73%
2021 2nd Spain Jenni Hermoso
73%
2025 2nd Spain Mariona Caldentey
73%
2023 3rd Spain Salma Paralluelo
53%
2024 3rd Spain Salma Paralluelo
53%
2018 2nd Denmark Pernille Harder
40%
2018 3rd Germany Dzsenifer Marozsán
33%
No matching quizzes found
Score Distribution
Percent of People with Each Score
Percentile by Number Answered
Your Score History
You have not taken this quiz